Normal view MARC view
  • Anjum, Rani Lill

Entry Personal Name

Number of records used in: 1

001 - CONTROL NUMBER

  • control field: 148

003 - CONTROL NUMBER IDENTIFIER

  • control field: DLC

005 - DATE AND TIME OF LATEST TRANSACTION

  • control field: 20230720084717.0

008 - FIXED-LENGTH DATA ELEMENTS

  • fixed length control field: 111028n| azannaabn |n aaa c

010 ## - LIBRARY OF CONGRESS CONTROL NUMBER

  • LC control number: no2011167566

035 ## - SYSTEM CONTROL NUMBER

  • System control number: (OCoLC)oca09020159

040 ## - CATALOGING SOURCE

  • Original cataloging agency: StEdNL
  • Language of cataloging: eng
  • Description conventions: rda
  • Transcribing agency: StEdNL
  • Modifying agency: DNLM

100 1# - HEADING--PERSONAL NAME

  • Personal name: Anjum, Rani Lill

670 ## - SOURCE DATA FOUND

  • Source citation: Getting causes from powers, 2011:
  • Information found: t.p. (Rani Lill Anjum) jkt. flap (Research Fellow in Philosophy at the Norwegian University of Life Sciences)